| 000 | 01026nam a2200289 a 4500 | ||
|---|---|---|---|
| 001 | 34979 | ||
| 003 | BD-RjUL | ||
| 005 | 20211209052236.0 | ||
| 008 | 160807s1985 bg a b i001 0 eng d | ||
| 035 | _a(BD-RjUL)35073 | ||
| 040 |
_aDLC _cDLC _dDLC _dBD-RjUL _beng |
||
| 041 | _aeng | ||
| 082 | 0 | 0 |
_a305.3095492 _223 _bAZL 1985 |
| 100 | 1 |
_aAziz, K. M. Ashraful _953817 |
|
| 245 | 1 | 0 |
_aLife stages, gender and fertility in Bangladesh / _cK.M. Ashraful Aziz |
| 260 |
_aDhaka, Bangladesh : _bInternational Centre for Diarrhoeal Disease Research, Bangladesh, _c1985. |
||
| 300 |
_axi, 231 p. : _bill. ; _c25 cm. |
||
| 490 | 1 |
_aMonograph ; _vno. 3 |
|
| 504 | _aBibliography: p. [213]-224. and Index | ||
| 650 | 0 |
_aSex role _zBangladesh. _9106495 |
|
| 650 | 0 |
_aBirth control _zBangladesh. _953814 |
|
| 650 | 0 |
_aLife cycle, Human. _9106496 |
|
| 700 | 1 |
_aMaloney, Clarence. _953812 |
|
| 830 | 0 |
_vno. 3. _9143491 |
|
| 830 | 0 |
_aMonograph (International Centre for Diarrhoeal Disease Research, Bangladesh) ; _9143492 |
|
| 942 |
_2ddc _cBK |
||
| 999 |
_c34979 _d34979 |
||